Biggest Countries by Water Surface - Statistics

General Stats
  • This quiz has been taken 28 times
  • The average score is 15 of 20
Answer Stats
Size in km2 Country % Correct
891.000 Canada
100%
27.000 China
100%
721.000 Russia
100%
665.000 United States of America
100%
30.000 Mexico
95%
55.000 Brazil
91%
59.000 Australia
86%
314.000 India
86%
93.000 Indonesia
86%
78.000 Democratic Republic of the Congo
73%
44.000 Argentina
68%
34.000 Finland
68%
100.000 Colombia
64%
40.000 Sweden
64%
30.000 Venezuela
64%
25.000 Pakistan
59%
117.000 Iran
41%
44.000 Uganda
41%
104.000 Ethiopia
36%
62.000 Tanzania
36%
No matching quizzes found
Score Distribution
Percent of People with Each Score
Percentile by Number Answered
Your Score History
You have not taken this quiz